16 Greatest Left Wingers in NHL Post-Expansion History - Statistics

General Stats
  • This quiz has been taken 100 times
  • The average score is 8 of 16
Answer Stats
# Team Left Winger % Correct
1 Capitals Alex Ovechkin
100%
2 Kings Luc Robitaille
89%
7 Mighty Ducks Paul Kariya
75%
12 Thrashers Ilya Kovalchuk
74%
4 Black Hawks Bobby Hull
71%
10 Canucks Daniel Sedin
69%
8 Coyotes Keith Tkachuk
53%
3 Red Wings Brendan Shanahan
46%
5 Nordiques Michel Goulet
46%
15 Flyers John LeClair
44%
13 Canadiens Steve Shutt
36%
6 Sabres Dave Andreychuk
33%
11 Bruins Johnny Bucyk
31%
14 Flyers Bill Barber
26%
16 Canadiens Bob Gainey
22%
9 Canadiens Frank Mahovlich
8%
No matching quizzes found
Score Distribution
Percent of People with Each Score
Percentile by Number Answered
Your Score History
You have not taken this quiz